| 000 | 01683cam a2200373 i 4500 | ||
|---|---|---|---|
| 999 |
_c12947 _d12947 |
||
| 001 | 18897561 | ||
| 003 | MAJU-Karachi | ||
| 005 | 20210305103925.0 | ||
| 008 | 151215s2015 njua b 001 0 eng | ||
| 010 | _a 2015452853 | ||
| 020 | _a9781118745113 | ||
| 020 | _a1118745116 | ||
| 040 |
_aDLC _beng _cDLC _erda _dDLC |
||
| 042 | _apcc | ||
| 050 | 0 | 0 |
_aQA280 _b.M662 2015 |
| 082 | 0 | 0 |
_a519.5/5 _223 |
| 100 | 1 |
_aMontgomery, Douglas C., _eauthor. |
|
| 245 | 1 | 0 |
_aIntroduction to time series analysis and forecasting / _cDouglas C. Montgomery, Arizona State University, Tempe, Arizona, USA, Cheryl L. Jennings, Arizona State University, Tempe, Arizona, USA, Murat Kulahci, Technical University of Denmark, Lyngby, Denmark, and LuleƄ University of Technology, LuleƄ, Sweden. |
| 250 | _aSecond edition. | ||
| 260 |
_aHoboken, New Jersey : _bWiley, _c[2015] |
||
| 300 |
_axiv, 643 pages : _billustrations ; _c24 cm |
||
| 440 | 0 | _aWiley series in probability and statistics | |
| 650 | 0 | _aTime-series analysis. | |
| 650 | 0 | _aForecasting. | |
| 700 | 1 |
_aJennings, Cheryl L., _eauthor. |
|
| 700 | 1 |
_aKulahci, Murat, _eauthor. |
|
| 856 | 4 | 2 |
_3Contributor biographical information _uhttp://www.loc.gov/catdir/enhancements/fy1606/2015452853-b.html |
| 856 | 4 | 2 |
_3Publisher description _uhttp://www.loc.gov/catdir/enhancements/fy1606/2015452853-d.html |
| 856 | 4 | 1 |
_3Table of contents only _uhttp://www.loc.gov/catdir/enhancements/fy1606/2015452853-t.html |
| 906 |
_a7 _bcbc _corigcop _d2 _encip _f20 _gy-gencatlg |
||
| 942 |
_2ddc _cSTATISTICS |
||